| 000 | 004580000a22001810004500 | ||
|---|---|---|---|
| 003 | MACL | ||
| 005 | 20160110125318.0 | ||
| 008 | 160110b xxu||||| |||| 00| 0 eng d | ||
| 040 |
_aMACL _cMACL |
||
| 041 | _aEnglish | ||
| 082 | _a900/KET | ||
| 100 |
_aKetelbey, C D M _930859 |
||
| 245 | _aA History of Modenrn Times Froms 1789 | ||
| 260 |
_bOxford University Press _c1987 _aDelhi |
||
| 350 | _a80 | ||
| 650 |
_aHistory _930860 |
||
| 942 |
_cBK _k900/Ket _2ddc |
||
| 999 |
_c33680 _d33680 |
||